00436nam a2200121 i 4500001000300000100001900003245011600022260002100138040000800159041000800167008004100175856009800216bg1 aSZUREK, Alicja 0aBadanie wzajemnego oddziaływania klejów chloroprenowych oraz wykładzin podłogowych z PCW /cAlicja Szurek. aWarszawa,c1976. cBPK apol s pl f |000 0 pol  uhttp://koha.tu.koszalin.pl/cgi-bin/koha/opac-detail.pl?biblionumber=27539yKatalog online BPK